Statistics for Random countries of the world coastlines

Click here to take the quiz!

General Stats

  • This quiz has been taken 17 times
  • The average score is 7 of 16

Answer Stats

Answer% Correct
Algeria
100%
Australia
100%
Bahamas
100%
Bahrain
100%
Brazil
100%
Canada
100%
Chile
100%
Comoros
100%
Costa Rica
100%
Croatia
100%
Cuba
100%
Cyprus
100%
Egypt
100%
France
100%
Haiti
100%
Iceland
100%
India
100%
Indonesia
100%
Iran
100%
Israel
100%
Liberia
100%
Madagascar
100%
Malaysia
100%
Mexico
100%
Mozambique
100%
Netherlands
100%
North Korea
100%
Norway
100%
Panama
100%
Papua New Guinea
100%
Philippines
100%
Portugal
100%
Seychelles
100%
Somalia
100%
South Korea
100%
Spain
100%
Sri Lanka
100%
Sweden
100%
Trinidad and Tobago
100%
Ukraine
100%
United Kingdom
100%
Vanuatu
100%
Vietnam
100%
Yemen
100%
China
75%
Maldives
75%
Estonia
67%
New Zealand
67%
Germany
50%
Grenada
50%
Guinea-Bissau
50%
Honduras
50%
Jamaica
50%
Kiribati
50%
Latvia
50%
Libya
50%
Oman
50%
Poland
50%
Qatar
50%
Tonga
50%
United Arab Emirates
50%
East Timor
33%
Kazakhstan
25%
Albania
0%
Angola
0%
Antigua and Barbuda
0%
Argentina
0%
Azerbaijan
0%
Bangladesh
0%
Barbados
0%
Belgium
0%
Belize
0%
Benin
0%
Bosnia and Herzegovina
0%
Brunei
0%
Bulgaria
0%
Cambodia
0%
Cameroon
0%
Cape Verde
0%
Colombia
0%
Democratic Republic of the Congo
0%
Denmark
0%
Djibouti
0%
Dominica
0%
Dominican Republic
0%
Ecuador
0%
El Salvador
0%
Equatorial Guinea
0%
Eritrea
0%
Fiji
0%
Finland
0%
Gabon
0%
Gambia
0%
Georgia
0%
Ghana
0%
Greece
0%
Guatemala
0%
Guinea
0%
Guyana
0%
Iraq
0%
Ireland
0%
Italy
0%
Ivory Coast
0%
Japan
0%
Jordan
0%
Kenya
0%
Kuwait
0%
Lebanon
0%
Lithuania
0%
Malta
0%
Marshall Islands
0%
Mauritania
0%
Mauritius
0%
Micronesia
0%
Monaco
0%
Montenegro
0%
Morocco
0%
Myanmar
0%
Namibia
0%
Nauru
0%
Nicaragua
0%
Nigeria
0%
Pakistan
0%
Palau
0%
Peru
0%
Republic of the Congo
0%
Romania
0%
Russia
0%
Saint Kitts and Nevis
0%
Saint Lucia
0%
Saint Vincent and the Grenadines
0%
Samoa
0%
São Tomé and príncipe
0%
Saudi Arabia
0%
Senegal
0%
Sierra Leone
0%
Singapore
0%
Slovenia
0%
Solomon Islands
0%
South Africa
0%
Sudan
0%
Suriname
0%
Syria
0%
Tanzania
0%
Thailand
0%
Togo
0%
Tunisia
0%
Turkey
0%
Turkmenistan
0%
Tuvalu
0%
Uganda
0%
United States
0%
Uruguay
0%
Venezuela
0%

Score Distribution

Percentile by Number Answered

Percent of People with Each Score

Your Score History

You have not taken this quiz